000 05281cam a22013814i 4500
003 PE-LiUPU
005 20250813185624.0
008 150706s2013 pe a rb 000 0 spa d
020 _a6124118440
020 _a9786124118449
035 _a(Sirsi) i9786124118449
040 _aPE-LiUPU
_bspa
_cPE-LiUPU
_dPE-LiUPU
_erda
049 _aPRUA
082 0 4 _a343.8
_bA45
_221
082 0 4 _a343.8
_bA45 2013
100 1 _aAlva Matteucci, Mario,
_eautor.
245 1 0 _aAplicación práctica del impuesto a la renta-ejercicio 2012-2013 /
_cMario Alva Matteucci y Jose Luis Quispe.
250 _aPrimera edición
264 1 _aLima, Perú :
_bPacífico Editores,
_c2013.
300 _a821 páginas :
_bilustraciones ;
_c25 centimetros
336 _atext
_2rdacontent
337 _aunmediated
_2rdamedia
338 _avolume
_2rdacarrier
505 0 _aApreciaciones generales del impuesto a la renta -- Rentas de personas naturales -- Rentas de tercera categoría -- Normas internacionales de información financiera y la incidencia de estas en la determinación del resultado tributario -- Normativa para el cumplimiento en la presentación de la declaración jurada anual de renta por el ejercicio 2012 y desarrollo de casos integrales y aplicación del PDT -- Comentarios de las modificaciones realizada a la ley del Impuesto a la Renta y a su Reglamento producto de la reforma tributaria 2012-2013 -- Misceláneas sobre el Impuesto a la Renta.
526 _aP202
526 _aP201
526 _aP163
526 _aP162
526 _aP161
526 _aP160
526 _aP148
526 _aP147
526 _aP146
526 _aP145
526 _aP144
526 _aP143
526 _aP142
526 _aP141
526 _aP140
526 _aP139
526 _aP138
526 _aP137
526 _aP136
526 _aP135
526 _aP134
526 _aP133
526 _aP129
526 _aP128
526 _aP127
526 _aP120
526 _aP119
526 _aP118
526 _aP116
526 _aP115
526 _aP114
526 _aP110
526 _aP109
526 _aP108
526 _aP104
526 _aP103
526 _aP102
526 _aP99
526 _aP98
526 _aP97
526 _aP96
526 _aP95
526 _aP93
526 _aP90
526 _aP89
526 _aP88
526 _aP83
526 _aP82
526 _aP62
526 _aP59
526 _aP58
526 _aP57
526 _aP51
526 _aP49
526 _aP48
526 _aP47
526 _aP29
526 _aP24
526 _aP20
526 _aP19
526 _aP17
526 _aP15
526 _aP14
526 _aP12
526 _aP10
526 _aP09
526 _aP08
526 _aP07
526 _aP06
526 _aP05
526 _aP04
526 _aP01
541 _g001-0037258;
541 _g001-000074;
541 _FAdministracion;
650 1 4 _aImpuesto a la renta
_zPerú
_xInterpretación y aplicación.
650 2 4 _aImpuesto a la renta
_vEstudio de casos.
650 2 4 _aImpuesto a la renta
_xLegislación
_zPerú.
700 1 _aGarcía Quispe, José Luis,
_eautor.
910 _agl
_clch
_d20130802
942 _2ddc
_cBOOK
949 _a343.8 A45
_wDEWEY
_c1
_i67884
_lCCODEBUL1
_mBUL
_p43.00
_r0
_sY
_tBOOK
_u2015-7-6
_xFCE
_PP08
_o.STAFF. Colección Ciencias Empresariales
949 _a343.8 A45
_wDEWEY
_c2
_i68754
_lCCODEBUL1
_mBUL
_p53.00
_r0
_sY
_tBOOK
_u2015-7-6
_xFCE
_PP08
_o.STAFF. Colección Ciencias Empresariales
949 _a343.8 A45
_wDEWEY
_c3
_i68755
_lCCODEBUL1
_mBUL
_p53.00
_r0
_sY
_tBOOK
_u2015-7-6
_xFCE
_PP08
_o.STAFF. Colección Ciencias Empresariales
949 _a343.8 A45
_wDEWEY
_c4
_i68756
_lCCODEBUL1
_mBUL
_p53.00
_r0
_sY
_tBOOK
_u2015-7-6
_xFCE
_PP08
_o.STAFF. Colección Ciencias Empresariales
949 _a343.8 A45 2013
_wDEWEY
_c1
_iFJ04367
_lCCODEBUJ1
_mBUJ
_p43.00
_r0
_sY
_tBOOK
_u2016-11-21
_xFCE
_PP04
_0COMPRA
_o.STAFF. Colección General Juliaca
994 _aC0
_bPEPRU
596 _a1 3
999 _a343.8 A45
_wDEWEY
_c55395
_i67884
_d55395
_e2016-10-17
_f2021-11-5
_g6
_lCCODEBUL1
_mBUL
_n15
_p43.00
_r0
_sY
_tBOOK
_u2015-7-6
_xFCE
_zP08
_0COMPRA
_o.STAFF. Colección Ciencias Empresariales
999 _a343.8 A45
_wDEWEY
_c2
_i68754
_d2017-9-12
_e2017-9-10
_f2021-11-5
_g6
_lCCODEBUL1
_mBUL
_n14
_p53.00
_r0
_sY
_tBOOK
_u2015-7-6
_xFCE
_zP08
_0COMPRA
_o.STAFF. Colección Ciencias Empresariales
999 _a343.8 A45
_wDEWEY
_c3
_i68755
_d2017-5-22
_e2017-5-19
_f2021-11-5
_g6
_lCCODEBUL1
_mBUL
_n15
_p53.00
_r0
_sY
_tBOOK
_u2015-7-6
_xFCE
_zP08
_0COMPRA
_o.STAFF. Colección Ciencias Empresariales
999 _a343.8 A45
_wDEWEY
_c4
_i68756
_d2019-10-16
_e2019-10-7
_f2021-11-5
_g6
_lCCODEBUL1
_mBUL
_n16
_p53.00
_q3
_r0
_sY
_tBOOK
_u2015-7-6
_xFCE
_zP08
_0COMPRA
_o.STAFF. Colección Ciencias Empresariales
999 _a343.8 A45 2013
_wDEWEY
_c1
_iFJ04367
_d2018-11-9
_e2018-10-28
_f2022-1-18
_g4
_lCCODEBUJ1
_mBUJ
_n7
_p43.00
_q9
_r0
_sY
_tBOOK
_u2015-10-13
_xFCE
_PP04
_0COMPRA
_o.STAFF. Colección General Juliaca
980 _81
_gALBERTO SANCHEZ Responsable de Automatización